Piłka nożna - FC Barcelona - kapitanowie - Statystyki

Ogólne statystyki
  • Ten quiz został rozwiązany 283 razy
  • Średni wynik to 7 z 10
Statystyki odpowiedzi
lata obecny wiek narodowość pozycja kapitan % Poprawnych
2024-2025 33 lata Niemcy bramkarz Marc-Andre ter Stegen
99%
2018-2021 38 lat Argentyna prawy napastnik Lionel Messi
93%
2015-2018 41 lat Hiszpania środkowy pomocnik Andres Iniesta
89%
2004-2014 47 lat Hiszpania środkowy obrońca Carles Puyol
87%
2014-2015 45 lat Hiszpania środkowy pomocnik Xavi
87%
2021-2023 37 lat Hiszpania defensywny pomocnik Sergio Busquets
82%
2023-2024 33 lata Hiszpania środkowy pomocnik/prawy obrońca Sergi Roberto
70%
1997-2001 54 lata Hiszpania defensywny pomocnik Josep Guardiola
33%
2002-2004 55 lat Hiszpania prawy pomocnik Luis Enrique
15%
2001-2002 53 lata Hiszpania lewy obrońca Sergi Barjuan
2%
Nie znaleziono quizów pasujących do podanych kryteriów
Rozkład punktacji
Procent ludzi z każdym wynikiem
Percentyl według liczby udzielonych odpowiedzi
Twoja historia wyników
Nie rozwiązałeś tego quizu